000 00636nam a2200241Ia 4500
003 OSt
005 20220918214254.0
006 a|||||r|||| 00| 0
007 ta
008 220917b |||||||| |||| 00| 0 eng d
024 _a136,594
037 _cTextual
040 _aARTS
_cARTS
_beng
041 _2eng
_aeng
082 _aX9F555:Z3, L0
100 _aHughes John R
_9130531
245 0 _aStorage and handling of pertoleum liquids
_b Practice and law
250 _a2nd
260 _aNA
_bNA
_c1970
650 _aECONOMICS
942 _hX9F555:Z3, L0
_cTEXL
_2CC
999 _c259684
_d259684